00512nam a2200157 a 450000500170000000800410001702000180005805000260007610000190010224500290012126000330015030000090018344000270019299900190021995201160023820140412111426.0090225s19uu xx 00 eng d a0-07-602715-5 aTR(GS 372.4bA19 2005 aAdams, Marilyn aSchool /cMarilyn Adams. aU.S.A :bMcGraw Hill,c2005. a63p. aSRA OPEN COURT READING c106224d106224 001040aELbELcTRd2009-02-25eDonationl0oTR(GS 372.4 A19 2005pE11457r2014-04-12 00:00:00w2014-04-12yBK